000 00497ntaaa2200181 4500
003 01
005 20251027201536.0
008 0714s1973 ag 01
040 _aAR-BaBN
_bspa
_cAR-BaBN
_eaacr
_dRIC
082 _a227.8400 M19
100 _aMcKernon, Guillermo
245 _aLas EpĂ­stolas Pastorales; comentario sobre II Timoteo.
250 _a1 ed. :
_bCochabamba,
_c1972
300 _a49 p.
650 _aBiblia-Nuevo Testamento-II Timoteo
_914083
650 _aTimoteo II
_914084
942 _cBK
999 _c10039
_d10039